[Digital] texturing & painting /

Bibliographic Details
Main Author: Demers, Owen
Other Authors: Urszenyi, Christine
Format: Book
Language:English
Published: [Indianapolis, Ind.] : New Riders, [2002]
Subjects:

MARC

Tag First Indicator Second Indicator Subfields
LEADER 00000cam a22000005a 4500
001 in00001649430
005 20151023092000.0
008 010921s2002 enka b 001 0 eng
015 |a GBA1-54839 
020 |a 0735709181 
035 |a (OCoLC)ocm48025729 
040 |a UKM  |c UKM  |d TXA  |d UtOrBLW 
049 |a TXAM 
082 0 4 |a 006.693  |2 21 
090 |a T385  |b .D464 2002 
100 1 |a Demers, Owen. 
245 1 0 |a [Digital] texturing & painting /  |c Owen Demers ; contributing author & edited by Christine Urszenyi. 
246 3 |a Digital texturing and painting 
264 1 |a [Indianapolis, Ind.] :  |b New Riders,  |c [2002] 
264 4 |c ©2002 
300 |a xv, 334 pages :  |b color illustrations ;  |c 26 cm. +  |e 1 CD-ROM (4 3/4 in.) 
336 |a text  |b txt  |2 rdacontent 
337 |a unmediated  |b n  |2 rdamedia 
338 |a volume  |b nc  |2 rdacarrier 
504 |a Includes bibliographical references (pages [324-325]) and index. 
538 |a System requirements: Windows 9x, Windows 2000, Windows ME, or Macintosh OS 8 or higher. 
650 0 |a Texture (Art) 
650 0 |a Three-dimensional display systems. 
650 0 |a Computer graphics. 
700 1 |a Urszenyi, Christine. 
948 |a cataloged  |b h  |c 2001/11/7  |d c  |e mphillip  |f 3:10:27 pm 
994 |a E0  |b TXA 
999 |a MARS 
999 f f |s a5670492-9450-367f-9ac6-277b4577247c  |i 4fb9e723-6e7a-30ce-a233-e5f4c7a50127  |t 0 
952 f f |p normal  |a Texas A&M University  |b College Station  |c Sterling C. Evans Library  |d Evans: Library Stacks  |t 0  |e T385 .D464 2002  |h Library of Congress classification  |i unmediated -- volume  |m A14828274094 
998 f f |a T385 .D464 2002  |t 0  |l Evans: Library Stacks